Laurence Olivier Filmography - Statistics

General Stats
  • This quiz has been taken 35 times
    22 since last reset
  • The average score is 67 of 310
Answer Stats
Type Year Name % Correct
Theater 1936-1937 Hamlet
78%
Film 1948 Hamlet
78%
Film 1976 Marathon Man
78%
Theater 1937-1938, 1964-1966 Othello
78%
Film 1965 Othello
78%
Film 1940 Rebecca
72%
Theater 1944-1945, 1948-1949 Richard III
67%
Film 1955 Richard III
67%
Film 1960 Spartacus
67%
Film 1978 The Boys from Brazil
67%
Theater 1936-1937 Henry V
61%
Radio Play 1942 Henry V
61%
Film 1944 Henry V
61%
Theater 1925 Julius Caesar
61%
Theater 1946-1947 King Lear
61%
TV Film 1983 King Lear
61%
Theater 1926, 1970-1972 The Merchant of Venice
61%
TV Film 1973 The Merchant of Venice
61%
Film 1957 The Prince and the Showgirl
61%
Theater 1928, 1937-1938, 1955, 1972-1974 Macbeth
56%
Theater 1935-1936, 1940, 1974 Romeo and Juliet
56%
Film 1968 Romeo and Juliet
56%
Film 1972 Sleuth
56%
Theater 1957-1958 The Entertainer
56%
Film 1960 The Entertainer
56%
Theater 1925, 1974 The Tempest
56%
Theater 1945-1946 Henry IV, Part 1
50%
Radio Play 1945 Henry IV, Part 1 and Part 2
50%
Theater 1945-1946 Henry IV, Part 2
50%
Film 1941 That Hamilton Woman
50%
Theater 1936-1937, 1955, 1973 Twelfth Night
50%
Film 1939 Wuthering Heights
50%
Film 1981 Clash of the Titans
44%
Theater 1928 The Taming of the Shrew
44%
Film 1936 As You Like It
39%
Film 1965 Bunny Lake Is Missing
39%
Film 1966 Khartoum
39%
Film 1941 49th Parallel
33%
Film 1977 A Bridge Too Far
33%
Film 1979 A Little Romance
33%
Theater 1951-1952 Antony and Cleopatra
33%
Film 1969 Battle of Britain
33%
Theater 1925-1926, 1954 Henry VIII
33%
Radio Play 1954 Henry VIII
33%
TV Show 1969, 1973 ITV Saturday Night Theatre
33%
TV Show 1976-1978 Laurence Olivier Presents
33%
Theater 1971-1973 Long Day's Journey into Night
33%
TV Play 1973 Long Day's Journey into Night
33%
TV Show 1967 NET Playhouse
33%
Film 1969 Oh! What a Lovely War
33%
Film 1978 The Betsy
33%
Film 1980 The Jazz Singer
33%
Theater 1955, 1957 Titus Andronicus
33%
Theater 1927, 1945-1946, 1962-1964 Uncle Vanya
33%
Film 1963 Uncle Vanya
33%
Theater 1927 All's Well That Ends Well
28%
Theater 1960-1961 Becket
28%
Theater 1937-1938, 1957, 1959-1960, 1971-1972 Coriolanus
28%
Film 1937 Fire Over England
28%
Film 1981 Inchon
28%
Theater 1970 Love's Labours Lost
28%
Film 1940 Pride and Prejudice
28%
Film 1953 The Beggar's Opera
28%
Radio Play 1953 The Beggar's Opera
28%
Film 1984 The Bounty
28%
Radio Play 1935 The Winter's Tale
28%
Documentary Series 1973-1974 The World at War
28%
Theater 1954 All Star Jubilee Matinée: Henry VIII
22%
Theater 1949 Antigone
22%
Stage Director 1949 A Streetcar Named Desire
22%
TV Film 1984 A Talent for Murder
22%
TV Film 1982 A Voyage Round My Father
22%
TV Mini-Series 1981 Brideshead Revisited
22%
Theater 1951-1952 Caesar and Cleopatra
22%
Film 1952 Carrie
22%
TV Film 1976 Cat on a Hot Tin Roof
22%
TV Film 1977 Come Back, Little Sheba
22%
Film 1969 Dance of Death
22%
Film 1979 Dracula
22%
Film 1931 Friends and Lovers
22%
TV Show 1958 ITV Play of the Week
22%
TV Mini-Series 1977 Jesus of Nazareth
22%
Film 1972 Lady Caroline Lamb
22%
TV Mini-Series 1986 Lost Empires
22%
TV Film 1975 Love Among the Ruins
22%
TV Film 1983 Mr. Halpern and Mr. Johnson
22%
Film 1971 Nicholas and Alexandra
22%
Film 1933 No Funny Business
22%
Theater 1945-1946 Oedipus
22%
Film 1931 Potiphar's Wife
22%
Theater 1930-1931 Private Lives
22%
Theater 1972-1973 Richard II
22%
Film 1962 Term of Trial
22%
Award Show 1959 The 31st Annual Academy Awards
22%
Theater 1967-1969 The Dance of Death
22%
Film 1959 The Devil's Disciple
22%
Film 1938 The Divorce of Lady X
22%
TV Film 1984 The Ebony Tower
22%
Theater 1925 The Ghost Train
22%
Film 1983 The Jigsaw Man
22%
Film 1951 The Magic Box
22%
Film 1968 The Shoes of the Fishermen
22%
Film 1930 The Temporary Widow
22%
Film 1931 The Yellow Ticket
22%
Theater 1969-1970 Three Sisters
22%
Film 1970 Three Sisters
22%
Short Film 1930 Too Many Crooks
22%
Film 1989 War Requiem
22%
Film 1932 Westward Passage
22%
Film 1985 Wild Geese II
22%
Theater 1930 100 Not Out
17%
Film 1940 21 Days
17%
Radio Interview 1953 40 Years of Rep
17%
Theater 1971 A Celebration in Memory of Michel Saint-Denis
17%
Theater 1927 Advertising April
17%
Theater 1967-1969 A Flea in Her Ear
17%
Theater 1930 After All
17%
Theater 1934 A Kiss for Cinderella
17%
Theater 1941 All Star Concert in Aid of the Russian Relief Fund
17%
Radio Interview 1952 A Man I Would Like to Meet
17%
Documentary Series 1975 Arena
17%
Theater 1927 Aren't Women Wonderful
17%
Theater 1944-1945 Arms and the Man
17%
Theater 1928 Back to Methuselah
17%
Theater 1929 Beau Geste
17%
Theater 1936 Bees on the Boatdeck
17%
Theater 1934 Biography
17%
Theater 1927-1928 Bird in Hand
17%
Theater 1983 Blondel
17%
Theater 1985 Bob Hope Birthday Gala
17%
Stage Director 1947 Born Yesterday
17%
Radio Play 1972 Bound to Let On
17%
Stage Director 1950 Captain Carvallo
17%
Theater 1956 Central School Jubilee
17%
Radio Play 1955 Charter in the Saucer
17%
Radio Play 1942 Christopher Columbus
17%
TV Film 1969 David Copperfield
17%
Stage Director 1974 Eden End
17%
Theater 1942 Elsie Fogerty Jubilee Matinée
17%
Theater 1942 Esmond Knight Matinée
17%
Theater 1956 Evening for Hungary Relief
17%
Theater 1973 Fanfare
17%
Film 1951 Father's Little Dividend
17%
Stage Director 1980 Filumena
17%
Radio Play 1941 For Us, the Living
17%
Theater 1959 Gala for Fréjus Disaster Victims
17%
Theater 1935 Golden Arrow
17%
TV Documentary 1966 Great Acting: Laurence Olivier
17%
TV Show 1976, 1983 Great Performances
17%
Theater 1956 Green Room Cavalcade
17%
Theater 1928 Harold
17%
Theater 1938 Here's to Our Enterprise
17%
Theater 1969-1970 Home and Beauty
17%
Radio Interview 1965 Interview on the National Theatre
17%
Theater 1967 Italy, My Italy
17%
Theater 1928, 1934 Journey's End
17%
Stage Director 1966 Juno and the Paycock
17%
Theater 1965-1967 Love for Love
17%
TV Film 1969 Male of the Species
17%
Short Documentary 1942 Malta G.C.
17%
Radio Play 1942 Maud
17%
Radio Play 1947 Men of Good Will
17%
Theater 1954 Midnight Cavalcade
17%
Theater 1937 Midnight with the Stars
17%
Film 1935 Moscow Nights
17%
Theater 1929 Murder on the Second Floor
17%
Theater 1954 Night of a Hundred Stars
17%
Theater 1935 Notices
17%
Theater 1939 No Time for Comedy
17%
Theater 1934, 1935 November Afternoon
17%
Theater 1926 Oedipus Tyrannus
17%
Theater 1929 Paris Bound
17%
TV Show 1970 Parkinson
17%
Theater 1928 Paul Among the Jews
17%
Theater 1944-1945 Peer Gynt
17%
Radio Play 1963 People Today
17%
Film 1933 Perfect Understanding
17%
Theater 1965 Performance in Aid of George Devine Award
17%
TV Mini-Series 1986 Peter the Great
17%
Radio Special 1942 Poems by John Pudney
17%
Radio Special 1942 Poetry Reading
17%
Radio Special 1943 Poetry Reading
17%
Radio Special 1966 Portrait of George Devine
17%
Radio Special 1977 Portrait of Sir William Walton
17%
Theater 1929 Prize Giving at Woodside House School
17%
Film 1939 Q Planes
17%
Theater 1927 Quality Street
17%
Theater 1934 Queen of Scots
17%
Theater 1949 RADA Cabaret
17%
Radio Series 1976 Rattigan's Theatre
17%
Radio Special 1971 Remembering Michel Saint-Denis
17%
Theater 1960 Rhinoceros
17%
Theater 1935 Ringmaster
17%
Theater 1973-1974 Saturday, Sunday, Monday
17%
TV Film 1978 Saturday Sunday Monday
17%
Theater 1962-1963 Semi-Detached
17%
Theater 1937 Shakespeare Birthday Festival
17%
Theater 1927 She Stoops to Conquer
17%
Radio Interview 1969 Sir Laurence Olivier Conversation
17%
Film 2004 Sky Captain and the World of Tomorrow
17%
Theater 1930 Some Other Private Lives
17%
Theater 1927 Something to Talk About
17%
Theater 1957 Son et Lumière
17%
Theater 1972 Sybil
17%
Theater 1927-1928 The Adding Machine
17%
Stage Director 1968 The Advertisement
17%
Radio Play 1944 The Ancient Mariner
17%
Theater 1934 Theatre Royal
17%
Theater 1926 The Barber and the Cow
17%
Radio Play 1973 The Bob Hope Story
17%
Theater 1962-1963 The Broken Heart
17%
Theater 1965 The Carnival of the Animals
17%
Theater 1926 The Cenci
17%
Stage Director 1962-1963 The Chances
17%
Theater 1973-1974 The Cherry Orchard
17%
Theater 1929 The Circle of Chalk
17%
Documentary 1936 The Conquest of the Air
17%
Stage Director 1965 The Crucible
17%
Stage Director 1950 The Damascus Blade
17%
Theater 1928 The Dark Path
17%
Film 1943 The Demi-Paradise
17%
TV Show 1974 The Dick Cavett Show
17%
Theater 1935 The Down and Outs Matinee
17%
Theater 1926 The Farmer's Wife
17%
Theater 1933-1934 The Green Bay Tree
17%
Theater 1937-1938 The King of Nowhere
17%
TV Mini-Series 1984 The Last Days of Pompeii
17%
Theater 1929 The Last Enemy
17%
Theater 1927 The Mannoch Family
17%
Theater 1926 The Marvellous History of Saint Bernard
17%
Theater 1935 The Massed Chorus
17%
Theater 1964-1965 The Master Builder
17%
TV Film 1959 The Moon and Sixpence
17%
TV Show 1973 The Morecambe & Wise Show
17%
Theater 1973-1974 The Party
17%
Theater 1927 The Pleasure Garden
17%
TV Film 1961 The Power and the Glory
17%
Stage Director 1949 The Proposal
17%
Theater 1933 The Rats of Norway
17%
Theater 1963-1964 The Recruiting Officer
17%
Film 1974 The Rehearsal
17%
Theater 1927 The Road to Ruin
17%
Radio Play 1942 The School for Scandal
17%
Theater 1948-1949, 1956, 1972-1973 The School for Scandal
17%
Film 1976 The Seven-Per-Cent Solution
17%
Theater 1951 The Sid Field Tribute
17%
Theater 1927 The Silver Box
17%
Theater 1945, 1948, 1968 The Skin of Our Teeth
17%
Theater 1953-1954 The Sleeping Prince
17%
Theater 1926 The Song
17%
Theater 1929 The Stranger Within
17%
Theater 1927 The Third Finger
17%
Radio Series 1966 The Time of My Life
17%
Stage Director 1960 The Tumbler
17%
Film 1944 The Volunteer
17%
Theater 1934 The Winning Post
17%
Film 1944 This Happy Breed
17%
Theater 1986 Time
17%
Radio Play 1942 Trafalgar Day
17%
Theater 1982 Tribute Gala for the South Atlantic Fund
17%
Theater 1974 Tribute to the Lady
17%
Theater 1925 Unfailing Instinct
17%
Theater 1950, 1952 Venus Observed
17%
Radio Interview 1964 Voice of the North
17%
TV Mini-Series 1984 Wagner
17%
Radio Play 1971 We'll Hear a Play
17%
Theater 1927 Well of the Saints
17%
Short Documentary 1941 Words for Battle
17%
TV Film 1978 Daphne Laureola
11%
Theater 1927 The Comedian
11%
Theater 1945-1946 The Critic
11%
Theater 1973-1974 Measure for Measure
6%
Theater 1956, 1958-1960, 1963-1964, 1985 Night of 100 Stars
6%
Theater 1963-1964 Saint Joan
6%
TV Show 1967 ABC Stage 67
0%
TV Documentary 1956 Alexander Korda, Kt
0%
Theater 1971-1972 Amphitryon 38
0%
TV Documentary 1980 A New Germany, 1933-1939
0%
Documentary 1953 A Queen Is Crowned
0%
Theater 1971-1972 A Woman Killed with Kindness
0%
Radio Series 1950 CBS Radio Theater
0%
Theater 1971-1972 Danton's Death
0%
Theater 1973-1974 Equus
0%
Theater 1974 Grand Manoeuvres
0%
Theater 1972-1974 Jumpers
0%
Music Video 1986 Just for Money
0%
TV Documentary 2001 Larry and Vivien: The Oliviers in Love
0%
Theater 1970-1972 National Health
0%
Theater 1974 Next of Kin
0%
Theater 1970 Rosencrantz and Guildenstern Are Dead
0%
Theater 1974 Spring Awakening
0%
Theater 1971-1972 The Architect and the Emperor of Assyria
0%
Theater 1973-1974 The Bacchae
0%
Theater 1970 The Beaux Stratagem
0%
Theater 1971-1972 The Captain of Kopenick
0%
TV Show 1976 The Carol Burnett Show
0%
Documentary Series 1981 The Commanding Sea
0%
Short Documentary 1953 The Drawings of Leonardo Da Vinci
0%
TV Show 1952 The Ed Sullivan Show
0%
Theater 1974 The Freeway
0%
Theater 1972-1974 The Front Page
0%
Documentary 1976 The Gentleman Tramp
0%
Theater 1974 The Marriage of Figaro
0%
TV Show 1979 The Mike Douglas Show
0%
Theater 1973-1974 The Misantrope
0%
Theater 1971-1972 The Rules of the Game
0%
Theater 1970 The White Devil
0%
Theater 1972-1973 Tis Pity She's a Whore
0%
Short Documentary 1971 Tree of Life
0%
Theater 1971-1972 Tyger
0%
No matching quizzes found
Score Distribution
Percent of People with Each Score
Percentile by Number Answered
Your Score History
You have not taken this quiz since the last reset